000 00446nam a22001457a 4500
005 20160317155333.0
008 160317b xxu||||| |||| 00| 0 eng d
022 _a0971-8524
245 _aGender technology and development
260 _aNew Delhi
_bSage Publication
_c2016
300 _av.
_c22cm
310 _aQuarterly
270 _aB-1/1-1,Mohan Cooperrative Industial Area, Mathura Road,
_bNew Delhi
_e110044
_dIndia
942 _2ddc
_cSR
_s1
_mGEN
999 _c99572
_d99572